Statistics for Country Picture Puzzle Game #2

Click here to take the quiz!

General Stats

  • This quiz has been taken 27,184 times
    (27,124 since last reset)
  • The average score is 12 of 17

Answer Stats

HintAnswer% Correct
Biggest gambling city in the U.S.Las Vegas
94%
Mountain with heads of four U.S. PresidentsMount Rushmore
90%
Country where Māori people are fromNew Zealand
83%
Country that has the longest coastlineCanada
82%
City with the most famous Red SquareMoscow
80%
The name of a country, a canal, and a hatPanama
79%
Salty sea at 429 meters below sea levelDead Sea
79%
City formerly known as BombayMumbai
77%
Biggest lake in Africa by surface areaLake Victoria
73%
Capital of BelarusMinsk
72%
Capital of CataloniaBarcelona
71%
Volcano 9km east of NaplesMount Vesuvius
70%
HIDDEN COUNTRYPeru
65%
City built on the ruins of TenochtitlanMexico City
58%
Longest river in EuropeVolga
56%
Equivalent of the above in ChinaMacau
47%
Technically, Big Ben is this type of objectBell
39%

Score Distribution

Percentile by Number Answered

Percent of People with Each Score

Your Score History

You have not taken this quiz since the last reset